书目信息 |
| 题名: |
欧美文学名著介绍与欣赏
|
|
| 作者: | 温祖荫 著 | |
| 分册: | ||
| 出版信息: | 福州 福建教育出版社 1981 |
|
| 页数: | 474页 | |
| 开本: | 21cm | |
| 丛书名: | 世界文学名著选介丛书 | |
| 单 册: | ||
| 中图分类: | I106.4 | |
| 科图分类: | ||
| 主题词: | 小说-文学研究--世界 , 文学研究-小说--世界 , 文学欣赏-小说--世界 , 小说-文学欣赏--世界 | |
| 电子资源: | ||
| ISBN: | ||
| 000 | 00885nam2 2200301 45 | |
| 001 | 0181006155 | |
| 005 | 20070731101421.82 | |
| 010 | @dCNY1.24 | |
| 091 | @a7159.626 | |
| 100 | @a19950628d1981 em y0chiy0121 ea | |
| 101 | 0 | @achi |
| 102 | @aCN@b350000 | |
| 105 | @ay z 000zy | |
| 200 | 10 | @a欧美文学名著介绍与欣赏@e小说@EXiao Shuo@AOu Mei Wen Xue Ming Zhu Jie Shao Yu Xin Shang@f温祖荫著 |
| 210 | @a福州@c福建教育出版社@d1981 | |
| 215 | @a474页@d21cm | |
| 225 | 2 | @a世界文学名著选介丛书 |
| 410 | 0 | @120010@a世界文学名著选介丛书 |
| 517 | @a小说@AXiao Shuo | |
| 606 | @a小说-文学研究@y世界 | |
| 606 | @a文学研究-小说@y世界 | |
| 606 | @a文学欣赏-小说@y世界 | |
| 606 | @a小说-文学欣赏@y世界 | |
| 690 | @aI106.4@v3 | |
| 701 | 0 | @a温祖荫@Awen zu yin@4著 |
| 801 | 2 | @aCN@bNLC@c20070731 |
| 801 | 0 | @aCN@b上海图书馆@c20040426 |
| 905 | @f1@b67799@dI106.4@e1@b67801@f1 | |
| 欧美文学名著介绍与欣赏:小说/温祖荫著.-福州:福建教育出版社,1981 |
| 474页;21cm.-(世界文学名著选介丛书) |
| ISBN :CNY1.24 |
| ● |
| 相关链接 |
|
|
|
|
正题名:欧美文学名著介绍与欣赏
索取号:I106.4/1
 
预约/预借
| 序号 | 登录号 | 条形码 | 馆藏地/架位号 | 状态 | 备注 |
| 1 | 0067799 | 000217786 | 密集书库/ [索取号:I106.4/1] | 在馆 | |
| 2 | 0067801 | 000217777 | 第一样本阅览室/ [索取号:I106.4/1] | 在馆 | |
| 3 | 0786890 | 207868903 | 密集书库/ [索取号:I106.4/1] | 在馆 |